01099, Ski Aggu - Anders - Songtext - Statistiken

Allgemein
  • Dieses Quiz wurde 153 mal gespielt
  • Das Durchschnittsergebnis liegt bei 233 aus 365
Antwortstatistiken
Antwort % Korrekt
an
99%
anders
98%
Ich
95%
ich
95%
der
93%
bin
90%
es
87%
sein?
86%
wie
86%
soll
83%
zu
83%
keine
82%
Keine
82%
Zeit
82%
auf
80%
Sag
80%
Weg
80%
dem
79%
ein
77%
mich
77%
mir
76%
verlier'n
76%
wir
76%
Wir
76%
2004
75%
aus
75%
in
75%
In
75%
Eine
74%
eine
74%
hellblau
73%
sind
73%
geil
72%
und
72%
Und
72%
fühl
71%
rein
71%
stell
71%
Stell'
71%
alle
68%
mein
68%
mein'?
68%
bleib'
67%
hier
67%
Tanke
66%
tanke
66%
viel
66%
bleibe
65%
doch
65%
Weisswein
65%
trotzdem
64%
bleiben
63%
die
63%
hat
63%
Ja
63%
ja
63%
sich
63%
getan
62%
du
61%
Picaldi-Jeans
60%
uns
60%
besoffski
58%
ist
56%
mit
56%
Oh
56%
hellblau
53%
machen
53%
Gott
52%
hot
52%
nicht
52%
todes
52%
was
52%
hab'
51%
meine
50%
knocki
49%
im
48%
Kartoffelpasta
48%
Kochen
48%
Berlin
46%
Brüder
46%
City-Boys
46%
das
46%
den
46%
Bar
45%
Club
44%
spät
44%
von
44%
Charlotte
43%
Schwestern
43%
wenn
43%
dabei
42%
für
40%
Jungs
40%
Westen
40%
wilden
40%
2000
39%
anderes
39%
noch
39%
Fühlst
38%
ganze
38%
hole
38%
Komm
38%
sagt
38%
01099
37%
draussen
37%
ein'n
37%
Mädels
37%
paar
37%
einfach
36%
halt
36%
irgendwer
36%
Shots
36%
bezahlt
35%
Geh'
35%
Patte
35%
Warum
35%
Bahn
34%
Clique
34%
habe
34%
Jahre
34%
Müllabfuhr
34%
030
33%
dass
33%
Kleidung
33%
meiner
33%
OST
33%
weiter
33%
wird
33%
Höre
32%
Irgendwann
32%
Station
32%
Einer
31%
einer
31%
Chill'
30%
gibts
30%
merke
30%
ohne
30%
Späti
30%
woanders
30%
bläulich
29%
Donnerstagabend
29%
kauf
29%
langsam
29%
Mittags
29%
Strasse
29%
Schwarz
28%
teil'
28%
vernünftig
28%
Himmel
27%
Nikes
27%
Klassischer
26%
Schaue
26%
dir
25%
Streuner
25%
zum
25%
Falke
24%
Flohmarkt
24%
gefahr'n
24%
Mauerpark
23%
Stopp
23%
90er-Jeans
21%
flieg'
21%
wieder
21%
Zwei-Fünfzig-Wein
21%
Verseh'n
20%
zeig's
20%
Beute
19%
hoch
17%
Viertel
16%
Weil
16%
Lauf'
15%
durch
13%
Keine übereinstimmenden Quizze gefunden
Verteilung der Resultate
Anzahl Personen mit jedem Resultat
Perzentil nach korrekt beantworteten Fragen
Ihre Resultats-Entwicklung
Sie haben dieses Quiz noch nicht gespielt